000 00677nam a2200193Ia 4500
008 151119s9999||||xx |||||||||||||| ||und||
082 _a28.5
082 _bGKKV21444
100 _aसंपत सी के
245 _aविकास रंगतदार गोष्टी ( नीला रंग -१)
260 _a--
260 _b--
260 _c0
600 _aसंपत सी के
630 _aविकास रंगतदार गोष्टी ( नीला रंग -१)
700 _aसंपत सी के
730 _aविकास रंगतदार गोष्टी ( नीला रंग -१)
942 _cBOOK
999 _c1074262
_d1074259